000 00609nam a2200193Ia 4500
005 20250326140543.0
008 250326s9999 xx 000 0 und d
020 _a0-7494-3000-1
037 _aTextbook
040 _aFMSL
_beng
_cFMSL
041 _aeng
_2eng
084 _aX:8 N9
_qFMSL
100 _aDren D
_9742554
245 0 _a12 ladders to world class performance:how your organization can compete with the best in the world
_cDren D; Pennington S
260 _aUnited Kingdom
_bUnited Kingdom, Kogan Page
_c1999
300 _avii,281
942 _cTB
_hX:8 N9
999 _c1286285
_d1286285